Régimen municipal : condición jurídica del municipio / por José Valenzuela Soler condición jurídica del municipio / por José Valenzuela Soler
Descripción Física:
106 p. ; 22 cm
Materias:
Dret municipal
MARC
| LEADER | 00000nam a2200000Ia 4500 | ||
|---|---|---|---|
| 001 | 763 | ||
| 008 | 160829s1919 xx 000 0 cat d | ||
| 080 | |a D-1-113 | ||
| 100 | |a Valenzuela Soler, José |9 19929 | ||
| 245 | |a Régimen municipal : |b condición jurídica del municipio / por José Valenzuela Soler | ||
| 260 | |a Madrid : |b Ed. Reus, |c 1919 | ||
| 300 | |a 106 p. ; |c 22 cm | ||
| 490 | |a Biblioteca de la Revista general de legislación y jurisprudencia ; 15 | ||
| 650 | |a Dret municipal |9 22170 | ||
| 901 | |a Arxiu | ||
| 942 | |n 1 | ||
| 952 | |0 0 |1 0 |4 0 |6 D1113 |7 1 |9 41377 |a Arxiu |b Arxiu |d 2016-12-01 |l 0 |o D-1-113 |p 763 |r 2016-12-01 00:00:00 |w 2016-12-01 |y ARXIU | ||
| 999 | |c 43184 |d 43184 | ||